1555 1817 1628 1016 1573 1360 1036 1879 1957 1864 1377 1488 1391 1299 1731 1909 1670 1489 1547 1307 1764 1408 1335 1277 1247 1619 1568 1225 1016 1622 1645 1033 1256 1614 1029 1923 1588 1592 1618 1213 1009 1491 1940 1536 1239 1703 1688 1200 1259 1747 1735 1080 1000 1245 1542 1485 1291 1128 1691 1186 1823 1816 1626 1456 1830 1173 1873 1887 1927 1492 1591 1019 1953 1112 1814 1574 1187 1147 1405 1697 1806 1799 1124 1552 1817 1519 1020 1289 1687 1617 1699 1137 1581 1699 1888 1221 1266 1372 1706 BCNSPRNW ULIB Ver.6.0+V

เปลี่ยนเป็นภาษาไทย

Change to English
 แสดงรายละเอียดบรรณานุกรม
  กลับหน้าหลัก

Brief Record : Get Marc (ISO 2709) : E-mail record : QR code < ปิดหน้าต่าง
LEADER : 00000nam 2200000uu 4500
001    13399112210
003     ULIB
008    110708s2550||||th 000 0 tha d
020    9749986318
050 04 HF5734^bส182ส 2550
100 0  สถาพร ดีบุญมี ณ ชุมแพ
245 10 การบริหารงานบุคคล/^cสถาพร ดีบุญมี ณ ชุมแพ
250    พิมพ์ครั้งที่ 1
260    กรุงเทพฯ :^bบริษัท การศึกษา จำกัด,^c2550
300    104 หน้า
650  7 การจัดสัมมนา
650  7 การสัมมนา
650  7 การประชุม
945    ^p75^l0^i022185
945    ^p75^l0^i022186
995    ทศพร
999 ^a ใช้งานได้ทุกระบบ
รายการนี้ยังไม่มีแท็ก
คุณยังไม่ได้ล็อกอิน คุณสามารถมีกิจกรรมร่วมกับเว็บไซต์ได้ แต่ต้องล็อกอินก่อน ::
  ล็อกอิน

รายการสื่อสารสนเทศ

ลำดับที่ ประเภท เลขเรียก/บาร์โค้ด สถานที่ สถานะ
- ไม่พบข้อมูล -

รายการใกล้เคียง
    ผู้แต่ง [สถาพร ดีบุญมี ณ ชุมแพ]

    หัวเรื่อง [การสัมมนา]
    หัวเรื่อง [การประชุม]

BibComment


ยังไม่เคยถูกคอมเมนท์

คอมเมนท์ทรัพยากรรายการนี้
  คอมเมนท์: การบริหารงานบุคคล..


 Copyright 2026. Bcnsprnw @Library